Education towards a rights culture in Uganda : (Record no. 90)

MARC details
000 -LEADER
fixed length control field 01592cam a2200373 a 4500
001 - CONTROL NUMBER
control field 13525469
003 - CONTROL NUMBER IDENTIFIER
control field OSt
005 - DATE AND TIME OF LATEST TRANSACTION
control field 20110407161245.0
008 - FIXED-LENGTH DATA ELEMENTS--GENERAL INFORMATION
fixed length control field 030813s2002 ug a b 000 0 eng
010 ## - LIBRARY OF CONGRESS CONTROL NUMBER
LC control number 2003406186
020 ## - INTERNATIONAL STANDARD BOOK NUMBER
Cancelled/invalid ISBN 9970
035 ## - SYSTEM CONTROL NUMBER
System control number (DLC) 2003406186
040 ## - CATALOGING SOURCE
Original cataloging agency DLC
Transcribing agency DLC
Modifying agency DLC
042 ## - AUTHENTICATION CODE
Authentication code lcode
043 ## - GEOGRAPHIC AREA CODE
Geographic area code f-ug---
050 00 - LIBRARY OF CONGRESS CALL NUMBER
Classification number KTW209.5
Item number .E38 2002
082 00 - DEWEY DECIMAL CLASSIFICATION NUMBER
Classification number 342.6761085 PAR
Edition number 22
245 00 - TITLE STATEMENT
Title Education towards a rights culture in Uganda :
Remainder of title a paralegal reference handbook /
Statement of responsibility, etc [writing team, Apolo Kakaire ... et al. ; edited by, Charles Mubbale ... et. al.].
246 30 - VARYING FORM OF TITLE
Title proper/short title Paralegal reference handbook
260 ## - PUBLICATION, DISTRIBUTION, ETC. (IMPRINT)
Place of publication, distribution, etc Kampala, Uganda :
Name of publisher, distributor, etc Foundation for Human Rights Initiative,
Date of publication, distribution, etc 2002.
300 ## - PHYSICAL DESCRIPTION
Extent vi, 193 p. :
Other physical details ill. ;
Dimensions 28 cm.
504 ## - BIBLIOGRAPHY, ETC. NOTE
Bibliography, etc Includes bibliographical references (p. 191-192).
650 #0 - SUBJECT ADDED ENTRY--TOPICAL TERM
Topical term or geographic name as entry element Human rights
Geographic subdivision Uganda
Form subdivision Popular works.
9 (RLIN) 236
650 #0 - SUBJECT ADDED ENTRY--TOPICAL TERM
Topical term or geographic name as entry element Human rights
Form subdivision Popular works.
9 (RLIN) 237
700 1# - ADDED ENTRY--PERSONAL NAME
Personal name Kakaire, Apolo.
9 (RLIN) 238
700 1# - ADDED ENTRY--PERSONAL NAME
Personal name Mubbale, Charles E.
9 (RLIN) 239
710 2# - ADDED ENTRY--CORPORATE NAME
Corporate name or jurisdiction name as entry element Foundation for Human Rights Initiative.
9 (RLIN) 240
906 ## - LOCAL DATA ELEMENT F, LDF (RLIN)
a 7
b cbc
c origode
d 3
e ncip
f 20
g y-gencatlg
942 ## - ADDED ENTRY ELEMENTS (KOHA)
Source of classification or shelving scheme Dewey Decimal Classification
Koha item type Books
Holdings
Withdrawn status Lost status Source of classification or shelving scheme Damaged status Not for loan Home library Current library Shelving location Date acquired Total Checkouts Full call number Barcode Date last seen Price effective from Koha item type
    Dewey Decimal Classification     Law Development Centre Main Library Law Development Centre Main Library Text Books and Laws 04/07/2011   342.6761085 PAR 6203 04/07/2011 04/07/2011 Books
    Dewey Decimal Classification     Law Development Centre Main Library Law Development Centre Main Library Text Books and Laws 04/07/2011   342.6761085 PAR 6303 04/07/2011 04/07/2011 Books
    Dewey Decimal Classification     Law Development Centre Main Library Law Development Centre Main Library Text Books and Laws 04/07/2011   342.6761085 PAR 6403 04/07/2011 04/07/2011 Books